00394nam a2200157 a 450000100060000000300090000600800410001502000140005604000280007008200120009824500450011026000450015530000100020065000140021065000120022410588CO-ViMGA141112s2004 ck r 000 u spa d a923019268 aCO-ViMGAbspacCO-ViMGA04a498 A5310aAmérica Latina en su Lenguas Indigenas aCaracas : bMonte Avila Editores, c1983 a476p.14aINDIGENAS14aLENGUAS